000 00519cam a2200157 i 4500
005 20260311134039.0
008 250721s1960 xxu gr 000 0 eng d
082 1 4 _a923.173
_bJ E F
245 1 0 _aThomas Jefferson & his world by the editors of american heritge /
_cby the editors of american heritage ؛ narrative by henry moscow.
250 _afirst edition.
264 3 1 _aNew York :
_bpernnial Library,
_c1960.
300 _a128 pages.
650 1 7 _aPresedent U S.
942 _2ddc
_cBK
999 _c44400
_d44400